000 00898nam a2200253 4500
003 CO-ViMGA
020 _a9789583038129
040 _aCO-ViMGA
_bspa
_cCO-ViMGA
082 0 4 _a833.914
_b R734m
100 1 _aRogler, Ulrike
_91280
245 1 0 _aLa maldición del pasillo secreto /
_cUlrike Rogler y Simone Veenstra ; il. Sebastian Meyer ; tr. Karin Ordematt
260 _aBogota :
_bPanamericana Editorial,
_c2011
300 _a126 p. :
490 _aEl fantasma del castillo
490 _aHui-Buh
500 _aEsta obra está basada en el adiolibro de Dirk Ahner, idea original Eberhard Alexander-Bugh
534 _pTitulo original
_tDer verfluchte geheimgang
650 1 4 _aFantasmas
_vnovela
_91288
650 1 4 _aNovela juvenil alemana
_x Siglo XX
_91287
700 1 _a Ordematt, Karin
_91290
700 1 _aMeyer, Sebastian
_91285
700 1 _aVeenstra, Simone
_91289
942 _2ddc
_cBK
999 _c37402
_d37402